000 00647cmm a22001695a 4500
020 _a756123650980
040 _cDLC
082 _a754 WOR 1994 C279 Or.
245 0 4 _aThe Cobb Group's WordPerfect collection CD.
260 _a[Louisville, Ky.] :
_bCobb Group,
_cc1994.
300 _a1 CD-ROM ;
_c4 3/4 in.
500 _aTitle from disc label.
500 _aProduction level cataloging.
520 _aArticles about WordPerfect derived from journals entitled Inside WordPerfect, The WordPerfectionist, and Inside WordPerfect for Windows. Includes shareware, freeware, and public domain utilities.
650 0 _aWord processing
942 _cAEDBB
999 _c22197
_d22197